[Event "Madrid 2021-2022 ch - Previa B"]
[Site "Madrid ESP"]
[Date "2022.03.11"]
[Round "4.12"]
[White "Toledo Aguirre, Gonzalo"]
[Black "Corchon Granero, Mateo"]
[Result "1/2-1/2"]
[WhiteElo "1879"]
[BlackElo "1491"]
[PlyCount "89"]
[EventDate "2022.03.03"]
[EventType "swiss"]
[EventRounds "9"]
[EventCountry "ESP"]
[SourceTitle "Ajedrez en Madrid"]
[Source "lmi"]
[SourceDate "2022.03.04"]
[SourceVersion "1"]
[SourceVersionDate "2022.03.24"]
[SourceQuality "1"]

1. d4 d5 2. c4 e6 3. Nc3 Nf6 4. Bg5 Be7 5. cxd5 Nxd5 6. Bxe7 Qxe7 7. e4 Nxc3 8.
bxc3 b6 9. Nf3 Bb7 10. Bb5+ c6 11. Bc4 O-O 12. O-O Nd7 13. Qe2 Nf6 14. Bd3 c5
15. Rfd1 cxd4 16. cxd4 Rac8 17. Rac1 Qa3 18. Rxc8 Rxc8 19. e5 Nd5 20. Qe4 g6
21. h4 Rc1 22. Rxc1 Qxc1+ 23. Kh2 Qf4+ 24. g3 Qxe4 25. Bxe4 Bc6 26. Kg1 Kf8 27.
Kf1 Ke7 28. Ke1 h6 29. Kd2 Kd7 30. Bb1 Nc3 31. Kxc3 Bxf3 32. a3 Kc6 33. Bc2 b5
34. Bb3 a5 35. Ba2 Bd5 36. Bb1 Bc4 37. Be4+ Kd7 38. Bf3 Ke7 39. Be4 Kf8 40. f4
Kg7 41. Bc2 h5 42. Be4 Kf8 43. Bc2 Ke7 44. Be4 Kd7 45. Bf3 1/2-1/2

[Event "Madrid 2021-2022 ch - Previa B"]
[Site "Madrid ESP"]
[Date "2022.03.11"]
[Round "4.13"]
[White "Fernandez Herrero, Mario"]
[Black "Muminov, Suhayl"]
[Result "1-0"]
[WhiteElo "1862"]
[BlackElo "1658"]
[PlyCount "115"]
[EventDate "2022.03.03"]
[EventType "swiss"]
[EventRounds "9"]
[EventCountry "ESP"]
[SourceTitle "Ajedrez en Madrid"]
[Source "lmi"]
[SourceDate "2022.03.04"]
[SourceVersion "1"]
[SourceVersionDate "2022.03.24"]
[SourceQuality "1"]

1. e4 b6 2. d4 Bb7 3. Nc3 e6 4. f4 Bb4 5. Bd3 f5 6. Qe2 fxe4 7. Bxe4 Bxe4 8.
Qxe4 Bxc3+ 9. bxc3 Nc6 10. Ba3 Qh4+ 11. g3 Qh5 12. Nf3 Nf6 13. Qd3 O-O-O 14.
Bb2 d6 15. O-O-O e5 16. d5 Ne7 17. fxe5 dxe5 18. Qa6+ Kb8 19. Rhf1 Nexd5 20.
Rde1 Rhe8 21. c4 Qh6+ 22. Kb1 Ne3 23. Nxe5 Rxe5 24. Bxe5 Nxf1 25. Rxf1 Nd7 26.
Rd1 Qe6 27. Bxg7 Re8 28. Qb5 Nc5 29. Bd4 Qe2 30. Rh1 Qe4 31. Rd1 Qe2 32. Rc1
Nb7 33. Qc6 Na5 34. Qd7 Nxc4 35. Qxh7 Nd2+ 36. Ka1 Qe6 37. Qd3 Nc4 38. Qb3 Qh6
39. Rd1 Nd6 40. h4 Qg6 41. Qd3 Nf5 42. Rf1 Rf8 43. Qe4 Qd6 44. Be5 Qc5 45. Rxf5
Qg1+ 46. Kb2 Rd8 47. Rf7 Rc8 48. Qc6 Qc5 49. Qxc5 bxc5 50. Rxc7 Re8 51. Re7+
Kc8 52. Rxe8+ Kb7 53. h5 c4 54. h6 c3+ 55. Kxc3 Ka6 56. h7 Ka5 57. h8=Q a6 58.
Bc7+ 1-0

[Event "Madrid 2021-2022 ch - Previa B"]
[Site "Madrid ESP"]
[Date "2022.03.11"]
[Round "4.16"]
[White "Palacios Sanchez, Victor"]
[Black "Jimenez Carrazoni, Marta Elena"]
[Result "1-0"]
[WhiteElo "1658"]
[BlackElo "1452"]
[PlyCount "61"]
[EventDate "2022.03.03"]
[EventType "swiss"]
[EventRounds "9"]
[EventCountry "ESP"]
[SourceTitle "Ajedrez en Madrid"]
[Source "lmi"]
[SourceDate "2022.03.04"]
[SourceVersion "1"]
[SourceVersionDate "2022.03.24"]
[SourceQuality "1"]

1. e4 c5 2. Nf3 Nc6 3. d4 cxd4 4. Nxd4 e5 5. Nb5 d6 6. c4 Be6 7. N1c3 Nf6 8.
Bd3 Be7 9. Nd5 O-O 10. O-O Nd7 11. Nxe7+ Qxe7 12. Nc3 Nc5 13. Nd5 Qh4 14. Re1
Rac8 15. Re3 Nxd3 16. Qxd3 Bxd5 17. exd5 Nb4 18. Rh3 Nxd3 19. Rxh4 b5 20. b3
bxc4 21. bxc4 Nxc1 22. Rxc1 Rc5 23. f4 f6 24. fxe5 fxe5 25. Rh3 Rf4 26. Rhc3
Kf7 27. g3 Rd4 28. R1c2 Kg6 29. Kg2 Kf5 30. Rf3+ Ke4 31. Re2# 1-0

[Event "Madrid 2021-2022 ch - Previa B"]
[Site "Madrid ESP"]
[Date "2022.03.11"]
[Round "4.17"]
[White "Gonzalez Pena, David I"]
[Black "Mata Medina, Andres"]
[Result "0-1"]
[WhiteElo "1600"]
[BlackElo "1374"]
[PlyCount "52"]
[EventDate "2022.03.03"]
[EventType "swiss"]
[EventRounds "9"]
[EventCountry "ESP"]
[SourceTitle "Ajedrez en Madrid"]
[Source "lmi"]
[SourceDate "2022.03.04"]
[SourceVersion "1"]
[SourceVersionDate "2022.03.24"]
[SourceQuality "1"]

1. e4 e5 2. Nf3 Nc6 3. Bc4 Bc5 4. Nxe5 Nxe5 5. d4 Nxc4 6. dxc5 Ne5 7. O-O Ne7
8. f4 N5c6 9. Nc3 O-O 10. a3 a5 11. Be3 d6 12. Qf3 f5 13. Rad1 fxe4 14. Nxe4
Ne5 15. Qe2 Bg4 16. Qb5 Bxd1 17. Rxd1 Ng4 18. Bc1 d5 19. c4 dxe4 20. Rxd8 Raxd8
21. Qb3 Rd3 22. Qc2 Rfd8 23. g3 Nf5 24. b4 Rd1+ 25. Kg2 Nfe3+ 26. Bxe3 Nxe3+
0-1

[Event "Madrid 2021-2022 ch - Previa B"]
[Site "Madrid ESP"]
[Date "2022.03.11"]
[Round "4.20"]
[White "Enriquez Pastor, Jorge"]
[Black "Anton Ortiz, Carlos"]
[Result "1/2-1/2"]
[WhiteElo "1435"]
[BlackElo "1519"]
[PlyCount "105"]
[EventDate "2022.03.03"]
[EventType "swiss"]
[EventRounds "9"]
[EventCountry "ESP"]
[SourceTitle "Ajedrez en Madrid"]
[Source "lmi"]
[SourceDate "2022.03.04"]
[SourceVersion "1"]
[SourceVersionDate "2022.03.24"]
[SourceQuality "1"]

1. e4 e5 2. Nf3 Nc6 3. Bb5 a6 4. Ba4 Nf6 5. O-O Bc5 6. d3 b5 7. Bb3 O-O 8. c3
Be7 9. Re1 d6 10. h3 Bb7 11. Nbd2 a5 12. Nf1 Nb8 13. Ng3 g6 14. d4 a4 15. Bc2
Nbd7 16. Be3 Re8 17. d5 c6 18. dxc6 Bxc6 19. Nh2 Nc5 20. Bh6 Bf8 21. Bxf8 Kxf8
22. Ng4 Nxg4 23. Qxg4 h5 24. Qd1 h4 25. Nf1 Re6 26. Qf3 Rf6 27. Qe3 Rf4 28. g3
hxg3 29. fxg3 Rf6 30. Nh2 Bd7 31. g4 Rf4 32. Rf1 Qf6 33. Rxf4 exf4 34. Qd4 Qe5
35. Qxe5 dxe5 36. Rd1 Bc6 37. Re1 Rd8 38. Nf3 f6 39. Re2 Ke7 40. Nh4 Kf7 41.
Nf3 Ke7 42. Kf2 g5 43. h4 gxh4 44. Nxh4 Rg8 45. Nf5+ Kf8 46. Kf3 Ne6 47. Rd2
Ng5+ 48. Kf2 Ke8 49. Nd6+ Ke7 50. Nf5+ Ke8 51. Nd6+ Kf8 52. Nf5 Ke8 53. Nd6+
1/2-1/2

[Event "Madrid 2021-2022 ch - Previa B"]
[Site "Madrid ESP"]
[Date "2022.03.11"]
[Round "4.21"]
[White "Gutierrez Trapero, Carlos"]
[Black "Sanchez Gonzalez, Samuel"]
[Result "1/2-1/2"]
[WhiteElo "1392"]
[BlackElo "1458"]
[PlyCount "125"]
[EventDate "2022.03.03"]
[EventType "swiss"]
[EventRounds "9"]
[EventCountry "ESP"]
[SourceTitle "Ajedrez en Madrid"]
[Source "lmi"]
[SourceDate "2022.03.04"]
[SourceVersion "1"]
[SourceVersionDate "2022.03.24"]
[SourceQuality "1"]

1. e4 c6 2. Nc3 d5 3. Nf3 Bg4 4. h3 Bh5 5. d4 e6 6. Bd3 dxe4 7. Bxe4 Nf6 8. O-O
Bb4 9. Qd3 Nxe4 10. Nxe4 Bg6 11. c3 Be7 12. Qe2 Nd7 13. Bg5 Nf6 14. Nxf6+ Bxf6
15. Bxf6 Qxf6 16. Ne5 Rd8 17. Nxg6 hxg6 18. Qe5 Qxe5 19. dxe5 Rd2 20. Rab1 Rh5
21. f4 g5 22. f5 exf5 23. Rxf5 g6 24. Rf2 Rxf2 25. Kxf2 g4 26. hxg4 Rxe5 27.
Rd1 Ke7 28. Kf3 g5 29. Rd2 a5 30. g3 b5 31. a4 Ke6 32. b4 bxa4 33. Ra2 axb4 34.
cxb4 Rb5 35. Rxa4 f6 36. Ke4 Kd6 37. Kd4 Re5 38. Ra5 Re1 39. Rf5 Ke6 40. Rc5
Rd1+ 41. Ke4 Re1+ 42. Kd4 Kd6 43. Rf5 Re6 44. b5 cxb5 45. Rxb5 Re5 46. Rb6+ Ke7
47. Rc6 Kf7 48. Rc3 Kg6 49. Rf3 Ra5 50. Rc3 Ra4+ 51. Rc4 Rxc4+ 52. Kxc4 f5 53.
Kd5 Kf6 54. Kd4 fxg4 55. Kd3 Ke7 56. Ke3 Kf7 57. Kd4 Kf6 58. Kd5 Kf5 59. Kd4
Ke6 60. Ke4 Kf6 61. Kd5 Kf5 62. Kd4 Ke6 63. Ke4 1/2-1/2

[Event "Madrid 2021-2022 ch - Previa B"]
[Site "Madrid ESP"]
[Date "2022.03.11"]
[Round "4.23"]
[White "Torres Rebolledo, Marcos"]
[Black "Voytsekhoskyy Pomircha, Victor"]
[Result "1-0"]
[WhiteElo "1478"]
[BlackElo "1217"]
[PlyCount "159"]
[EventDate "2022.03.03"]
[EventType "swiss"]
[EventRounds "9"]
[EventCountry "ESP"]
[SourceTitle "Ajedrez en Madrid"]
[Source "lmi"]
[SourceDate "2022.03.04"]
[SourceVersion "1"]
[SourceVersionDate "2022.03.24"]
[SourceQuality "1"]

1. d4 Nf6 2. c4 g6 3. Nc3 d5 4. cxd5 Nxd5 5. e4 Nxc3 6. bxc3 Bg7 7. Nf3 c5 8.
Rb1 cxd4 9. cxd4 Qa5+ 10. Qd2 Qxd2+ 11. Bxd2 Nc6 12. d5 Nd4 13. Nxd4 Bxd4 14.
Bb5+ Kf8 15. O-O a6 16. Bd3 b5 17. Rfc1 f5 18. Bh6+ Kf7 19. Rc7 Be5 20. Rc2
fxe4 21. Bxe4 Bb7 22. Re1 Rac8 23. Bg5 Rxc2 24. Bxc2 Rc8 25. Rxe5 Rxc2 26.
Rxe7+ Kf8 27. Rxb7 h6 28. Bxh6+ Ke8 29. Bg5 Rxa2 30. h4 Ra4 31. d6 Rd4 32. Be7
b4 33. Rb6 a5 34. Kh2 a4 35. Bf6 Rd3 36. Rxb4 Rxd6 37. Ba1 Rd2 38. Re4+ Kf7 39.
Kg3 a3 40. Re3 a2 41. Rc3 Rd1 42. Rf3+ Ke6 43. Re3+ Kf7 44. Bc3 a1=Q 45. Bxa1
Rxa1 46. Kg4 Rf1 47. f4 Rf2 48. g3 Rc2 49. Re5 Kf6 50. h5 gxh5+ 51. Rxh5 Rc4
52. Rh6+ Kg7 53. Ra6 Rd4 54. Kg5 Rd5+ 55. f5 Rd3 56. g4 Rd4 57. Ra7+ Kg8 58.
Kg6 Rd6+ 59. f6 Rd8 60. Rg7+ Kf8 61. Rh7 Ke8 62. Rh8+ Kd7 63. Rxd8+ Kxd8 64. f7
Ke7 65. Kg7 Ke6 66. f8=Q Kd5 67. Qe8 Kc5 68. Qd7 Kc4 69. g5 Kc5 70. g6 Kc4 71.
Kf6 Kc5 72. g7 Kc4 73. g8=R Kc5 74. Rc8+ Kb6 75. Rb8+ Kc5 76. Rc8+ Kb6 77. Qd1
Kb7 78. Rc2 Kb6 79. Qb1+ Ka5 80. Ra2# 1-0

[Event "Madrid 2021-2022 ch - Previa B"]
[Site "Madrid ESP"]
[Date "2022.03.12"]
[Round "5.1"]
[White "Rodriguez Avila, Alvaro"]
[Black "Gutierrez Diaz, Pablo"]
[Result "0-1"]
[WhiteElo "1949"]
[BlackElo "1916"]
[PlyCount "44"]
[EventDate "2022.03.03"]
[EventType "swiss"]
[EventRounds "9"]
[EventCountry "ESP"]
[SourceTitle "Ajedrez en Madrid"]
[Source "lmi"]
[SourceDate "2022.03.04"]
[SourceVersion "1"]
[SourceVersionDate "2022.03.24"]
[SourceQuality "1"]

1. e4 c5 2. Nf3 Nc6 3. Bb5 g6 4. O-O Bg7 5. c3 Nf6 6. Re1 O-O 7. e5 Ne8 8. h3
Nc7 9. Bxc6 dxc6 10. d4 cxd4 11. cxd4 Be6 12. Nc3 Bd5 13. Bg5 Bxf3 14. Qxf3 Ne6
15. Qe3 Nxg5 16. Qxg5 Qxd4 17. Qxe7 Rae8 18. Qxb7 Rb8 19. Qxc6 Rxb2 20. Re3
Bxe5 21. Rd1 Qf4 22. g3 Qxf2+ 0-1

[Event "Madrid 2021-2022 ch - Previa B"]
[Site "Madrid ESP"]
[Date "2022.03.12"]
[Round "5.2"]
[White "Santamaria Baeza, Adolfo"]
[Black "Baeza Escudero, Javier"]
[Result "1-0"]
[WhiteElo "1875"]
[BlackElo "1849"]
[PlyCount "107"]
[EventDate "2022.03.03"]
[EventType "swiss"]
[EventRounds "9"]
[EventCountry "ESP"]
[SourceTitle "Ajedrez en Madrid"]
[Source "lmi"]
[SourceDate "2022.03.04"]
[SourceVersion "1"]
[SourceVersionDate "2022.03.24"]
[SourceQuality "1"]

1. e4 e6 2. d4 d5 3. e5 c5 4. c3 Nc6 5. Nf3 Qb6 6. Be2 f6 7. O-O fxe5 8. dxe5
g6 9. b3 Bg7 10. Bf4 Nge7 11. Bd3 O-O 12. Bg5 Qc7 13. Qe2 Bd7 14. Nbd2 Rae8 15.
Rfe1 a6 16. Rac1 Nd8 17. Bh4 Bc6 18. Ng5 h6 19. Ngf3 Nf5 20. Bg3 b5 21. Nh4 Qf7
22. Nxf5 exf5 23. f4 Ne6 24. Nf3 Rd8 25. Qf1 Rfe8 26. b4 Rc8 27. bxc5 Nxc5 28.
Bb1 Ne4 29. Nd4 Bd7 30. Bxe4 dxe4 31. Re3 Rc7 32. a4 Rec8 33. axb5 axb5 34.
Nxb5 Bxb5 35. Qxb5 Bf8 36. Bf2 Qa2 37. Rg3 Kh7 38. Bd4 Qd2 39. Rf1 Qa2 40. h4
h5 41. Rf2 Qe6 42. Kh2 Be7 43. Kh3 Bd8 44. Re3 Qe7 45. g3 Rb7 46. Qa6 Rcb8 47.
Rd2 Rb1 48. Ree2 Rh1+ 49. Rh2 Re1 50. Bf2 Rc1 51. e6 Kh6 52. Rd7 Qe8 53. Qa7
Qg8 54. Qxb8 1-0

[Event "Madrid 2021-2022 ch - Previa B"]
[Site "Madrid ESP"]
[Date "2022.03.12"]
[Round "5.3"]
[White "Ruiz Vazquez, Javier"]
[Black "Simonyan, Arturo"]
[Result "1-0"]
[WhiteElo "1725"]
[BlackElo "1923"]
[PlyCount "81"]
[EventDate "2022.03.03"]
[EventType "swiss"]
[EventRounds "9"]
[EventCountry "ESP"]
[SourceTitle "Ajedrez en Madrid"]
[Source "lmi"]
[SourceDate "2022.03.04"]
[SourceVersion "1"]
[SourceVersionDate "2022.03.24"]
[SourceQuality "1"]

1. e4 c5 2. Nf3 d6 3. d4 cxd4 4. Nxd4 Nf6 5. Nc3 a6 6. Bc4 e6 7. Bb3 b5 8. O-O
Bb7 9. Re1 Nbd7 10. Bg5 Nc5 11. Bd5 Qc7 12. Bxb7 Qxb7 13. Bxf6 gxf6 14. b4 Nd7
15. Qh5 Qc8 16. Nd5 exd5 17. exd5+ Ne5 18. f4 Qc4 19. Rad1 O-O-O 20. fxe5 dxe5
21. Qf5+ Kb7 22. Nc6 Bxb4 23. Nxd8+ Rxd8 24. Rf1 Rg8 25. Qd7+ Kb6 26. Qc6+ Qxc6
27. dxc6 Bc5+ 28. Kh1 Rg6 29. Rd7 Kxc6 30. Rxf7 e4 31. g3 e3 32. Kg2 Kd5 33.
Kf3 h5 34. Ke2 Ke5 35. Rh7 Rg5 36. Rf3 f5 37. h4 Rg4 38. Rxh5 Rc4 39. Rfxf5+
Kd6 40. Rd5+ Kc6 41. Rxc5+ 1-0

[Event "Madrid 2021-2022 ch - Previa B"]
[Site "Madrid ESP"]
[Date "2022.03.12"]
[Round "5.4"]
[White "Cabanas Bravo, Juan Andres"]
[Black "Vukotic Jovsic, Dragan"]
[Result "1-0"]
[WhiteElo "1903"]
[BlackElo "1834"]
[PlyCount "71"]
[EventDate "2022.03.03"]
[EventType "swiss"]
[EventRounds "9"]
[EventCountry "ESP"]
[SourceTitle "Ajedrez en Madrid"]
[Source "lmi"]
[SourceDate "2022.03.04"]
[SourceVersion "1"]
[SourceVersionDate "2022.03.24"]
[SourceQuality "1"]

1. e4 c5 2. Nf3 e6 3. d4 cxd4 4. Nxd4 a6 5. Nc3 Qc7 6. g3 Nc6 7. Bg2 Bc5 8.
Nxc6 bxc6 9. Qg4 Kf8 10. O-O h5 11. Qg5 Be7 12. Qe3 d5 13. e5 Bb7 14. Re1 Nh6
15. Qe2 Nf5 16. Nd1 a5 17. b3 c5 18. Nb2 h4 19. Nd3 hxg3 20. hxg3 c4 21. Nf4
Bc5 22. Qf3 Rb8 23. Qg4 Qb6 24. Re2 Nd4 25. Rd2 c3 26. Rd3 Nxc2 27. Rf3 Kg8 28.
Nh5 Rxh5 29. Qxh5 g6 30. Qh4 Nxa1 31. Bh3 Bf8 32. Qf6 Qc7 33. Bxe6 fxe6 34.
Qxe6+ Kh8 35. Rf7 Qc6 36. Qh3+ 1-0

[Event "Madrid 2021-2022 ch - Previa B"]
[Site "Madrid ESP"]
[Date "2022.03.12"]
[Round "5.5"]
[White "Lopez Herrero, Israel"]
[Black "Portero Rubio, Martin"]
[Result "0-1"]
[WhiteElo "1683"]
[BlackElo "1846"]
[PlyCount "100"]
[EventDate "2022.03.03"]
[EventType "swiss"]
[EventRounds "9"]
[EventCountry "ESP"]
[SourceTitle "Ajedrez en Madrid"]
[Source "lmi"]
[SourceDate "2022.03.04"]
[SourceVersion "1"]
[SourceVersionDate "2022.03.24"]
[SourceQuality "1"]

1. e4 c5 2. Nf3 a6 3. d4 cxd4 4. Nxd4 Nf6 5. Nc3 e5 6. Nde2 Bc5 7. h3 Qb6 8.
Qd3 Bxf2+ 9. Kd1 d6 10. g4 h6 11. Bg2 Be6 12. Rf1 Bh4 13. b3 Nbd7 14. Na4 Qc6
15. Ba3 O-O-O 16. Qc3 Qxc3 17. Nexc3 b5 18. Nb2 Nc5 19. Nd3 Nxd3 20. cxd3 h5
21. gxh5 Nxh5 22. Rc1 Kd7 23. Nd5 Bxd5 24. exd5 Nf4 25. Be4 g6 26. Rc6 Be7 27.
Rxa6 Ra8 28. Rxa8 Rxa8 29. Bc1 Rxa2 30. Bxf4 exf4 31. Rxf4 f5 32. Bf3 Bg5 33.
Rd4 Rd2+ 34. Ke1 Rh2 35. Be2 Rxh3 36. Rb4 Ke7 37. Rxb5 Be3 38. Rb7+ Kf6 39. b4
Ke5 40. Rb5 g5 41. Bf1 Rh1 42. Ke2 Kf4 43. Rb7 g4 44. Re7 Rh2+ 45. Kd1 g3 46.
Rg7 Rf2 47. Bh3 Rh2 48. Bf1 Kf3 49. Rf7 f4 50. Rg7 Kf2 0-1

[Event "Madrid 2021-2022 ch - Previa B"]
[Site "Madrid ESP"]
[Date "2022.03.12"]
[Round "5.6"]
[White "Cardena Contreras, Javier"]
[Black "Torres Rebolledo, Alvaro"]
[Result "0-1"]
[WhiteElo "1816"]
[BlackElo "1705"]
[PlyCount "108"]
[EventDate "2022.03.03"]
[EventType "swiss"]
[EventRounds "9"]
[EventCountry "ESP"]
[SourceTitle "Ajedrez en Madrid"]
[Source "lmi"]
[SourceDate "2022.03.04"]
[SourceVersion "1"]
[SourceVersionDate "2022.03.24"]
[SourceQuality "1"]

1. e4 e5 2. Nf3 Nc6 3. Nc3 Nf6 4. d4 exd4 5. Nd5 Be7 6. Bc4 O-O 7. O-O d6 8.
Nxd4 Ne5 9. Bb3 Ng6 10. Re1 Re8 11. Bd2 Nxd5 12. exd5 Bf6 13. c3 Bxd4 14. cxd4
Rxe1+ 15. Qxe1 Bf5 16. Qe3 Qd7 17. Re1 Kf8 18. f3 Re8 19. Qf2 Rxe1+ 20. Qxe1
Qb5 21. Qe3 Ne7 22. a4 Qd3 23. Qxd3 Bxd3 24. Kf2 f6 25. g4 Bg6 26. f4 Bf7 27.
Ke3 Bxd5 28. Bc2 Bc6 29. f5 Nd5+ 30. Kd3 b6 31. b4 b5 32. a5 Ne7 33. Bd1 h5 34.
gxh5 Nxf5 35. Bg4 Nh6 36. Bc8 Ke7 37. a6 d5 38. Bb7 Kd7 39. Bxh6 gxh6 40. Ke3
Kd6 41. Kf4 Bd7 42. Kf3 c6 43. Kf4 Kc7 44. h4 Be6 45. Kf3 Bc8 46. Bxc8 Kxc8 47.
Kf4 Kd7 48. Kf5 Ke7 49. Kg6 Ke6 50. Kxh6 Kf7 51. Kh7 f5 52. Kh6 f4 53. Kg5 f3
54. h6 f2 0-1

[Event "Madrid 2021-2022 ch - Previa B"]
[Site "Madrid ESP"]
[Date "2022.03.12"]
[Round "5.7"]
[White "Lozano Freras, Sergio"]
[Black "Jimenez Carrazoni, Javier"]
[Result "1-0"]
[WhiteElo "1990"]
[BlackElo "1584"]
[PlyCount "60"]
[EventDate "2022.03.03"]
[EventType "swiss"]
[EventRounds "9"]
[EventCountry "ESP"]
[SourceTitle "Ajedrez en Madrid"]
[Source "lmi"]
[SourceDate "2022.03.04"]
[SourceVersion "1"]
[SourceVersionDate "2022.03.24"]
[SourceQuality "1"]

1. e4 c5 2. Nf3 Nc6 3. d4 cxd4 4. Nxd4 e5 5. Nb5 d6 6. c4 g6 7. N1c3 a6 8. Na3
Be6 9. Nc2 Bg7 10. Be3 Nge7 11. Qd2 f5 12. f3 O-O 13. O-O-O Nc8 14. h4 Na5 15.
Nd5 fxe4 16. fxe4 Bg4 17. Be2 Bxe2 18. Qxe2 Qd7 19. Rhf1 Qa4 20. Na3 b5 21.
Rxf8+ Kxf8 22. Rf1+ Kg8 23. Nc3 Qb4 24. Qg4 Na7 25. Qe6+ Kh8 26. Bxa7 Nxc4 27.
Nxc4 bxc4 28. Rf7 Bh6+ 29. Kb1 Qa5 30. Qe7 Qd8 1-0

[Event "Madrid 2021-2022 ch - Previa B"]
[Site "Madrid ESP"]
[Date "2022.03.12"]
[Round "5.8"]
[White "Suarez Hernan, Santiago"]
[Black "Fernandez Herrero, Mario"]
[Result "1-0"]
[WhiteElo "1720"]
[BlackElo "1862"]
[PlyCount "111"]
[EventDate "2022.03.03"]
[EventType "swiss"]
[EventRounds "9"]
[EventCountry "ESP"]
[SourceTitle "Ajedrez en Madrid"]
[Source "lmi"]
[SourceDate "2022.03.04"]
[SourceVersion "1"]
[SourceVersionDate "2022.03.24"]
[SourceQuality "1"]

1. d4 Nf6 2. Bf4 c5 3. e3 Qb6 4. b3 d6 5. c3 g6 6. Bd3 Bg7 7. h4 Nc6 8. Nd2 Nd5
9. Ne2 e5 10. Nc4 Qd8 11. Bg3 b5 12. Be4 bxc4 13. Bxd5 Bb7 14. dxe5 dxe5 15.
Bxc4 Qe7 16. Qc2 O-O 17. h5 g5 18. h6 Bh8 19. Bd3 f6 20. Bc4+ Rf7 21. Bxf7+
Qxf7 22. Rd1 f5 23. f3 f4 24. Bf2 c4 25. e4 Ba6 26. b4 Bf6 27. Bc5 Bc8 28. Rd6
Nb8 29. Qd2 Nd7 30. Qd5 Qxd5 31. Rxd5 Nxc5 32. Rxc5 Be6 33. Nc1 g4 34. Ke2 Kf7
35. Rd1 Be7 36. Rb5 a6 37. Rb7 Rg8 38. Kf2 Rg6 39. Rh1 Bc8 40. Rc7 Be6 41. a4
Ke8 42. Ra7 Bd7 43. a5 Rd6 44. Ke2 Ba4 45. Rc7 Bc6 46. Rh5 Re6 47. Ra7 Bd7 48.
Rb7 Bb5 49. Rb8+ Kf7 50. Rf5+ Kg6 51. Rb6 Rxb6 52. axb6 gxf3+ 53. gxf3 Bd6 54.
b7 Bc6 55. Rf8 Bxb7 56. Rd8 1-0

[Event "Madrid 2021-2022 ch - Previa B"]
[Site "Madrid ESP"]
[Date "2022.03.12"]
[Round "5.10"]
[White "Corchon Granero, Mateo"]
[Black "Torres Rebolledo, Victor"]
[Result "0-1"]
[WhiteElo "1491"]
[BlackElo "1989"]
[PlyCount "60"]
[EventDate "2022.03.03"]
[EventType "swiss"]
[EventRounds "9"]
[EventCountry "ESP"]
[SourceTitle "Ajedrez en Madrid"]
[Source "lmi"]
[SourceDate "2022.03.04"]
[SourceVersion "1"]
[SourceVersionDate "2022.03.24"]
[SourceQuality "1"]

1. e4 c5 2. Nf3 d6 3. d4 Nf6 4. Nc3 cxd4 5. Nxd4 g6 6. f3 Bg7 7. Be3 Nc6 8. Bc4
O-O 9. O-O Bd7 10. Qd2 Rc8 11. Bb3 Ne5 12. Nd5 Nc4 13. Nxf6+ Bxf6 14. Bxc4 Rxc4
15. c3 b5 16. Qd3 Qb8 17. Rfd1 Rfc8 18. Rac1 b4 19. Ne2 R4c7 20. Nd4 bxc3 21.
bxc3 Rc4 22. Rb1 Qc7 23. Bd2 Qc5 24. Be3 Rxc3 25. Qd2 Qc7 26. Rb2 Qc4 27. Rb3
Ba4 28. Rxc3 Qxc3 29. Qxc3 Rxc3 30. Re1 Rxe3 0-1

[Event "Madrid 2021-2022 ch - Previa B"]
[Site "Madrid ESP"]
[Date "2022.03.12"]
[Round "5.11"]
[White "Villar Grandon, Diego"]
[Black "Toledo Aguirre, Gonzalo"]
[Result "0-1"]
[WhiteElo "1606"]
[BlackElo "1879"]
[PlyCount "90"]
[EventDate "2022.03.03"]
[EventType "swiss"]
[EventRounds "9"]
[EventCountry "ESP"]
[SourceTitle "Ajedrez en Madrid"]
[Source "lmi"]
[SourceDate "2022.03.04"]
[SourceVersion "1"]
[SourceVersionDate "2022.03.24"]
[SourceQuality "1"]

1. d4 Nf6 2. g3 c5 3. d5 b5 4. Bg2 Bb7 5. e4 d6 6. Ne2 g6 7. O-O Bg7 8. c3 O-O
9. Be3 Nbd7 10. Na3 Ng4 11. Nc2 Nxe3 12. Nxe3 a5 13. a4 Ba6 14. axb5 Bxb5 15.
c4 Ba6 16. Qd2 Qb6 17. Rfb1 Qb4 18. Qxb4 axb4 19. Ra2 Ne5 20. b3 Bb7 21. Rxa8
Rxa8 22. Nc1 Bc8 23. f4 Ng4 24. Nxg4 Bxg4 25. h3 Bd1 26. e5 Ra3 27. Be4 dxe5
28. Kf2 f5 29. Bd3 e4 30. Ke1 Bf3 31. Be2 Bxe2 32. Kxe2 Kf7 33. h4 h6 34. Ke3
e6 35. dxe6+ Kxe6 36. Ne2 Bf6 37. Kf2 Bd4+ 38. Nxd4+ cxd4 39. Rb2 Kd6 40. Ke2
Ra1 41. Kf2 Rh1 42. Kg2 Ra1 43. Kf2 Kc5 44. Kg2 d3 45. Kf2 Kd4 0-1

[Event "Madrid 2021-2022 ch - Previa B"]
[Site "Madrid ESP"]
[Date "2022.03.12"]
[Round "5.12"]
[White "Marin Aso, Jose Luis"]
[Black "Palacios Sanchez, Victor"]
[Result "1-0"]
[WhiteElo "1834"]
[BlackElo "1658"]
[PlyCount "99"]
[EventDate "2022.03.03"]
[EventType "swiss"]
[EventRounds "9"]
[EventCountry "ESP"]
[SourceTitle "Ajedrez en Madrid"]
[Source "lmi"]
[SourceDate "2022.03.04"]
[SourceVersion "1"]
[SourceVersionDate "2022.03.24"]
[SourceQuality "1"]

1. e4 c5 2. Nf3 e6 3. d4 cxd4 4. Nxd4 Nf6 5. Nc3 Nc6 6. Be2 Bb4 7. O-O O-O 8.
Qd3 Ne5 9. Qg3 Bxc3 10. bxc3 Ng6 11. e5 Ne4 12. Qe3 d5 13. Ba3 Re8 14. f3 Qg5
15. f4 Qh6 16. Rf3 Bd7 17. Raf1 Qh4 18. Bd3 Rac8 19. Rh3 Qd8 20. Bxe4 dxe4 21.
Qxe4 Bc6 22. Nxc6 Rxc6 23. f5 exf5 24. Qxf5 Rc7 25. Bd6 Rd7 26. c4 h6 27. c5
Re6 28. Rb1 Qc8 29. Qe4 Nxe5 30. Rhb3 Nc6 31. Qg4 Rdxd6 32. Rg3 Qf8 33. cxd6
Ne5 34. Qb4 Rxd6 35. Qxb7 Rf6 36. Qxa7 Kh7 37. h3 Qd6 38. Qe3 Ng6 39. Qd3 Qe5
40. Rf3 Rd6 41. Qf5 Qd4+ 42. Kh1 Rf6 43. Qd3 Qe5 44. Rxf6 Qxf6 45. a4 Qe6 46.
c4 f5 47. Qd5 Qa6 48. Qxf5 Qxa4 49. Rb6 Qe8 50. Re6 1-0

[Event "Madrid 2021-2022 ch - Previa B"]
[Site "Madrid ESP"]
[Date "2022.03.12"]
[Round "5.13"]
[White "Mata Medina, Andres"]
[Black "Roquero Redondo, Miguel"]
[Result "1/2-1/2"]
[WhiteElo "1374"]
[BlackElo "1734"]
[PlyCount "74"]
[EventDate "2022.03.03"]
[EventType "swiss"]
[EventRounds "9"]
[EventCountry "ESP"]
[SourceTitle "Ajedrez en Madrid"]
[Source "lmi"]
[SourceDate "2022.03.04"]
[SourceVersion "1"]
[SourceVersionDate "2022.03.24"]
[SourceQuality "1"]

1. d4 d5 2. Nf3 Nf6 3. c4 e6 4. Nc3 Be7 5. Bg5 Nbd7 6. e3 O-O 7. Be2 b6 8. Ne5
Bb7 9. O-O c5 10. Nxd7 Qxd7 11. cxd5 exd5 12. Bb5 Qd8 13. Qa4 a6 14. Be2 b5 15.
Qc2 c4 16. a3 Bc6 17. Rfb1 Qd7 18. b3 a5 19. bxc4 dxc4 20. a4 b4 21. Nd1 Be4
22. Qxc4 Bxb1 23. Rxb1 Rfc8 24. Qb5 Qxb5 25. Bxb5 Nd5 26. Bxe7 Nxe7 27. e4 Rd8
28. d5 Rac8 29. Ne3 f5 30. exf5 Nxd5 31. Bc4 Rxc4 32. Nxc4 Nc3 33. Ra1 b3 34.
Nb2 Rd2 35. Nc4 Rd1+ 36. Rxd1 Nxd1 37. Nd2 Nb2 1/2-1/2